00337nam a2200121Ia 4500003000400000008004100004040001600045082002000061245004100081260008000122300000800202490000500210GCL140319s9999 xx 000 0 ara d aGCL / cGCL04a150.1952bس ف10aفرويد استاذى وصديقى a[S.N] : bالهيئة المصرية العامة للكتاب ، c1985 a151 a